Harry Potter Spells A-F Quiz Stats

 Plays Quiz not verified by Sporcle

Challenge
Share
Tweet
Embed
Score 0/34 Timer 10:00
0 Plays Today
What it does Spell % Correct
Disarms opponentExpelliarmus
83%
Summons an objectAccio
79.2%
Unforgivable- murderAvada Kedavra
79.2%
Creates a patronusExpecto Patronum
75.5%
Undoes locksAlohomora
73.6%
Unforgivable- tortureCrucio
73.6%
Enlarges itemsEngorgio
66%
Water shoots from wandAguamenti
60.4%
Confuses opponentConfundo
60.4%
Launches birds from wandAvis
54.7%
Heals minor injuriesEpiskey
43.4%
Splits seamsDiffindo
39.6%
Locks a doorColloportus
35.8%
Enlarges teethDensaugeo
34%
Erects objectsErecto
30.2%
Hides a secret within someoneFidelius
28.3%
Clears the airwayAnapneo
22.6%
What it does Spell % Correct
Creates bandagesFerula
22.6%
Makes objects hardDuro
20.8%
Gives opponent boilsFurnunculus
20.8%
Opens the one-eyed witchDissendium
18.9%
Makes things explodeExpulso
18.9%
Makes you wake upEnervate
15.1%
Reveals invisible inkAparecium
13.2%
Produces flamesConfringo
13.2%
Stops a wand's last spell from being shownDeletrius
13.2%
Stops any current spellFinite Incantatum
11.3%
Turns small objects into birdsAvifors
9.4%
Damages opponent's eyesightConjunctivitis
9.4%
Used to write on objectsFlagrate
9.4%
Knocks objects backwardsFlipendo
9.4%
Protects you from detection by enemiesCave Inimicum
7.5%
Digs out materialsDefodio
7.5%
Wind damagingDeprimo
7.5%

You're not logged in!

Compare scores with friends on all Sporcle quizzes.
Join for Free
OR
Log In

You Might Also Like...

Show Comments

Extras

Top Quizzes Today


Score Distribution

Your Account Isn't Verified!

In order to create a playlist on Sporcle, you need to verify the email address you used during registration. Go to your Sporcle Settings to finish the process.

Report this User

Report this user for behavior that violates our Community Guidelines.

Details: